Curso de derecho romano.

保存先:
書誌詳細
第一著者: Alvarez-Correa Duperly, Eduardo (autor)
フォーマット: 図書
出版事項: Bogotá, Colombia. Universidad de Los Andes, Facultad de Derecho, Ediciones Uniandes, 2010.
シリーズ:Derecho.
主題:
タグ: タグ追加
タグなし, このレコードへの初めてのタグを付けませんか!

MARC

LEADER 00000nam a22000007a 4500
003 CL-VaPUC
005 20220822114549.0
008 220707t2010 ||||| |||| 00| 0 eng d
999 |c 436761  |d 436759 
020 |a 978-958-695-527-0 
040 |c Pontificia Universidad Católica de Valparaíso 
082 7 |a 340.54 ALV 2010  |2 22 
100 1 |a Alvarez-Correa Duperly, Eduardo  |e autor  |9 872325 
245 |a Curso de derecho romano.  
260 |a Bogotá, Colombia.  |b Universidad de Los Andes, Facultad de Derecho,  |b Ediciones Uniandes,   |c 2010. 
300 |a 613 páginas.  
490 |a Derecho. 
500 |a c.1 : Donación Familia Prof. Alejandro Guzmán Brito. 
583 |c 20220707  |k Cristina María Rojas Aguilar 
650 |a Derecho romano  |x Enseñanza  |9 870630 
942 |2 ddc  |c BK  |n 0 
952 |0 0  |1 0  |2 ddc  |4 0  |6 340_540000000000000_ALV_2010  |7 1  |8 C_AGB  |9 584470  |a BIBDER  |b BIBDER  |d 2022-07-07  |e Donación   |i 5652568  |o 340.54 ALV 2010  |p 5652568  |r 2023-01-25  |t 1  |w 2022-07-07  |y BK_US  |k AGB